| 000 | 00936nam a2200301 i 4500 | ||
|---|---|---|---|
| 001 | 768714001 | ||
| 003 | CO-MdFUSB | ||
| 005 | 20230110150254.0 | ||
| 007 | ta | ||
| 008 | 160531t1995 miubcdef |||| 00| 0 spa d | ||
| 020 | _a0825418747 | ||
| 040 |
_aCO-MdFUSB _bEspañol _cCO-MdFUSB _dCO-MdFUSB _erda |
||
| 041 | 0 | _aspa | |
| 082 | 0 | 4 |
_a220.7 _223 _bW737a |
| 100 | 1 |
_aWillmington, Harold L. _eautor |
|
| 245 | 1 | 0 |
_aAuxiliar Bíblico Portavoz _b: un caudal de información bíblica _c / Harold L. Willmintogton |
| 264 | 1 |
_aGrand Rapids, Michigan _b : Portavoz, _c[1995] |
|
| 264 | 4 | _c© 1995 | |
| 300 |
_a991 Páginas _c; 29 cm |
||
| 336 |
_2rdacontent _atexto _btdi |
||
| 337 |
_2rdamedia _asin mediación _bn |
||
| 338 |
_2rdacarrier _avolumen _bnc |
||
| 505 | _aEstudio histórico y teológico de la Biblia | ||
| 563 | _aPasta dura | ||
| 653 |
_aBIblia _a - comentarios _aTeología dogmática |
||
| 942 | _cREF | ||
| 945 | _aJTF-925 | ||
| 999 |
_c31671 _d31671 |
||